Normal view
MARC view
Entry Topical Term
001 - CONTROL NUMBER
- control field: 13031
003 - CONTROL NUMBER IDENTIFIER
- control field: OSt
005 - DATE AND TIME OF LATEST TRANSACTION
- control field: 20191107174836.0
008 - FIXED-LENGTH DATA ELEMENTS
- fixed length control field: 191107|| aca||aabn | a|a d
040 ## - CATALOGING SOURCE
- Original cataloging agency: OSt
- Transcribing agency: OSt
150 ## - HEADING--TOPICAL TERM
- Topical term or geographic name entry element: Informal sector
670 ## - SOURCE DATA FOUND
- Source citation: Work cat.: (OSt)3498: Kabeer, Naila. 6931, Mainstreaming Gender in Social Protection for the Informal Economy , 2008.
